Fundamental of Plant Bacteriology (Record no. 5210)

MARC details
000 -LEADER
fixed length control field 00351nam a22001457a 4500
005 - DATE AND TIME OF LATEST TRANSACTION
control field 20160905162842.0
008 - FIXED-LENGTH DATA ELEMENTS--GENERAL INFORMATION
fixed length control field 160905b xxu||||| |||| 00| 0 eng d
041 ## - LANGUAGE CODE
Language code of text/sound track or separate title eng
100 ## - MAIN ENTRY--AUTHOR NAME
Personal name Jayaraman,Jayeshree
245 ## - TITLE STATEMENT
Title Fundamental of Plant Bacteriology
260 ## - PUBLICATION, DISTRIBUTION, ETC. (IMPRINT)
Name of publisher Kalyani
Year of publication 2015
300 ## - PHYSICAL DESCRIPTION
Number of Pages 129
650 ## - SUBJECT ADDED ENTRY--TOPICAL TERM
Topical Term Agricultural
942 ## - ADDED ENTRY ELEMENTS (KOHA)
Koha item type Books
Holdings
Lost status Damaged status Collection code Home library Current library Shelving location Date acquired Source of acquisition Cost, normal purchase price Accession Number Copy number Koha item type
    AGRICULTURE JRU Library JRU Library SHELF-16-D 05/09/2016 PURCHASE 160.00 21091 5 Books
    AGRICULTURE JRU Library JRU Library SHELF-46-C 05/09/2016 PURCHASE 160.00 21092 5 Books
    AGRICULTURE JRU Library JRU Library SHELF-46-C 05/09/2016 PURCHASE 160.00 21093 5 Books
    AGRICULTURE JRU Library JRU Library SHELF-46-C 05/09/2016 PURCHASE 160.00 21094 5 Books
    AGRICULTURE JRU Library JRU Library SHELF-46-C 05/09/2016 PURCHASE 160.00 21095 5 Books